| 000 | 01650nam a2200349 a 4500 | ||
|---|---|---|---|
| 003 | EG-GiCUC | ||
| 005 | 20250223025950.0 | ||
| 008 | 091144s2009 ua dh f m 000 0 eng d | ||
| 040 |
_aEG-GiCUC _beng _cEG-GiCUC |
||
| 041 | 0 | _aeng | |
| 049 | _aDeposite | ||
| 097 | _aM.Sc | ||
| 099 | _aCai01.11.10.M.Sc.2009.Ba.O | ||
| 100 | 0 | _aBassant Ahmed Ezzat | |
| 245 | 1 | 0 |
_aOcular effects of phototherapy and photochemotherapy / _cBassant Ahmed Ezzat ; Supervised Samia Esmat , Heba Elhadidi |
| 246 | 1 | 5 | _aاثار التعرض الضوئى والعلاج الضوئى الكيميائى على العين |
| 260 |
_acairo : _bBassant Ahmed Ezzat , _c2009 |
||
| 300 |
_a117P. : _bcharts , facsimiles ; _c25cm |
||
| 502 | _aThesis (M.Sc.) - Cairo University - Faculty of Medicine - Department of Dermatology and Venerology | ||
| 520 | _aOphthalmologic consultion is required at the start of treatment with psoralen photochemotherapy and should be repeated yearly or more often if there are abnormal findings . Studying ocular changes that might develop due to exposure to different types of phototherapy and photochemotherapy used in Phototherapy Unit Dermatology Depertment Faculty of Medicine Cairo University in a trial to evaluate the currently used doses and methods of protection | ||
| 530 | _aIssued also as CD | ||
| 653 | 4 | _aOcular | |
| 653 | 4 | _aPhotochemotherapy | |
| 653 | 4 | _aPhototherapy | |
| 700 | 0 |
_aHeba Elhadidi , _esupervisor |
|
| 700 | 0 |
_aSamia Esmat , _esupervisor |
|
| 856 | _uhttp://172.23.153.220/th.pdf | ||
| 902 | _a1 | ||
| 905 |
_aNazla _eRevisor |
||
| 905 |
_aSoheir _eCataloger |
||
| 942 |
_2ddc _cTH |
||
| 999 |
_c24515 _d24515 |
||